珠乃井ナナの誕生日77曲耐久歌枠で歌われた曲 - Statistics

General Stats
  • This quiz has been taken 12 times
  • The average score is 32 of 77
Answer Stats
歌手名 Answer % Correct
こっちのけんと はいよろこんで
100%
tuki. 晩餐歌
100%
バルーン シャルル
100%
いきものがかり ありがとう
100%
サカナクション 怪獣
90%
FLOW GO!!!
90%
すりぃ テレキャスタービーボーイ
80%
秦 基博 ひまわりの約束
80%
友成空 鬼ノ宴
80%
Aimer 残響散歌
80%
柊マグネタイト マーシャル・マキシマイザー
80%
しぐれうい 粛聖!! ロリ神レクイエム☆
80%
和田光司 Butter-Fly
80%
高橋洋子 魂のルフラン
70%
ツミキ フォニイ
70%
吉田夜世 オーバーライド
70%
Mrs.GREEN APPLE StaRt
70%
結束バンド 星座になれたら
60%
中川翔子 空色デイズ
60%
RADWIMPS feat.十明 すずめ
60%
てにをは ヴィラン
60%
菅田将暉
60%
MAISONdes トウキョウ・シャンディ・ランデヴ
60%
松任谷由実 ルージュの伝言
60%
米良美一 もののけ姫
60%
Official髭男dism ミックスナッツ
60%
ポルノグラフティ アゲハ蝶
60%
DECO*27 モニタリング
60%
TOKOTOKO(西沢さんP) 夜もすがら君想ふ
60%
ヨルシカ 晴る
60%
Conton Candy ファジーネーブル
50%
ヨルシカ だから僕は音楽を辞めた
50%
EGOIST 名前のない怪物
50%
影山ヒロノブ CHA-LA HEAD-CHA-LA
50%
YUI CHE.R.RY
50%
結束バンド 忘れてやらない
40%
ヨルシカ 雨とカプチーノ
40%
ハムちゃんず ハム太郎とっとこうた
40%
奥 華子 ガーネット
40%
サトシ&ゴウ(CV:松本梨香&山下大輝) 1・2・3
40%
木村弓 いつも何度でも
40%
コレサワ たばこ
40%
Mrs.GREEN APPLE ケセラセラ
40%
Ado 私は最強
30%
米津玄師 地球儀
30%
absorb 桜ノ雨
30%
坂本真綾 プラチナ
30%
YUI again
30%
ジミーサムP Calc.
30%
ヨルシカ 斜陽
20%
Mrs.GREEN APPLE ダーリン
20%
ヨルシカ アポリア
20%
やみのおねえさん きょういくばんぐみのテーマ
20%
Uru フリージア
20%
放課後ティータイム ふわふわ時間
20%
宇多田ヒカル Beautiful World
20%
ヨルシカ 雲と幽霊
10%
島みやえい子 ひぐらしのなく頃に
10%
木村弓 いのちの名前
10%
諌山実生 月のワルツ
10%
DECO*27 愛言葉Ⅲ
10%
milet Anytime Anywhere
10%
米津玄師 BOW AND ARROW
10%
坂本真綾 CLEAR
10%
halyosy Connecting
10%
やなぎなぎ ビードロ模様
0%
坂本真綾 約束はいらない
0%
WONDERFUL★OPPORTUNITY! しんでしまうとはなさけない!
0%
rionos ウィアートル
0%
江崎とし子 そこに空があるから
0%
いとうかなこ 悲しみの向こうへ
0%
ナノウ ハロ/ハワユ
0%
倍賞千恵子 世界の約束
0%
手嶌葵 時の歌
0%
KOKIA フクロウ ~フクロウが知らせる客が来たと~
0%
KYOKA JIRO Starring Chrissy Costanza · あやぺた · 林ゆうき Hero too
0%
水瀬いのり Wishing
0%
No matching quizzes found
Score Distribution
Percent of People with Each Score
Percentile by Number Answered
Your Score History
You have not taken this quiz